| 000 | 00308nam a2200121 4500 | ||
|---|---|---|---|
| 005 | 20260530115311.0 | ||
| 245 | 1 | 0 | _aThe Best of Brouchure Design 5 |
| 264 | 1 |
_bRockport Publishers _c2004 |
|
| 300 | _a242 páginas | ||
| 336 |
_atexto _2rdacontent |
||
| 337 |
_asin medio _2rdamedia |
||
| 338 |
_avolumen _2rdacarrier |
||
| 999 |
_c13345 _d13345 |
||